书目信息 |
| 书名: | WE’RE NUMBER ONE! | |
| 作者: | ANDREW L.SHAPIRO | |
| 分册号: | ||
| 分册名: | 出版地: | New York |
|
| 出版社: | VINTAGE BOOKS | |
| 出版时间: | 1992 | |
| 页数: | 204p | |
| 开本: | 20cm | |
| 丛书名: | ||
| 中图分类号: | ||
| 科图分类号: | ||
| 其他分类号: | F171.2 | |
| 主题词: | ||
| 电子资源: | ||
| 000 | 00498nam0 2200193 450 | |
| 001 | 202012003623 | |
| 005 | 20121206165825.0 | |
| 008 | 20021229d1997 em y0chiy0121 ea | |
| 020 | @a978-0-6797-3893-0@c$10.00 | |
| 041 | @aeng | |
| 091 | @aF171.2 | |
| 099 | @dF171.2@eA562 | |
| 100 | @aANDREW L.SHAPIRO | |
| 245 | 10 | @aWE’RE NUMBER ONE!@cANDREW L.SHAPIRO |
| 260 | @aNew York@bVINTAGE BOOKS@c1992 | |
| 300 | @a204p@c20cm | |
| 521 | @aWE’RE NUMBER ONE! | |
| 905 | @b12456 | |
| 905 | @aTSG@dF171.2@eA562 | |
| WE’RE NUMBER ONE! / ANDREW L.SHAPIRO.-New York : VINTAGE BOOKS , 1992 |
| 204p ; 20cm |
| WE’RE NUMBER ONE! |
| ISBN 978-0-6797-3893-0$10.00 |
| ● |
| 相关链接 |
|
|
|
正题名:WE'RE NUMBER ONE
索取号:F171.2/A562
 
预约/预借
| 序号 | 登录号 | 条形码 | 馆藏地/架位号 | 状态 | 备注 |